| 000 | 00917nam a22002897a 4500 | ||
|---|---|---|---|
| 003 | CHAP | ||
| 005 | 20220329133542.0 | ||
| 008 | 971013s1993 r 00010 d | ||
| 010 | _a7773 | ||
| 011 | _a8745 | ||
| 035 | _a7975 | ||
| 040 | _cCHAP | ||
| 090 | _aFolleto 14469 (1993) | ||
| 110 |
_aCanada. Federal Provincial Subcommittee on Drinking Water _918198 |
||
| 245 | _aGuidelines for canadian drinking water quality | ||
| 250 | _a5 ed. | ||
| 260 |
_aOttawa : _bThe Subcommittee, _c1993 |
||
| 300 | _a24 p. | ||
| 590 |
_aBATCH-UPD _b10 _c20130110 _lUCH01 _h0935 |
||
| 590 |
_aCONVERSION _b10 _c20130109 _lUCH01 _h1305 |
||
| 650 | 1 | 4 |
_aAgua potable _xCalidad. _92446 |
| 650 | 1 | 4 |
_aAgua potable _xNormas de calidad. _92450 |
| 901 | _aBK | ||
| 942 | _cFOLL | ||
| 949 |
_aFolleto 14469 (1993) _bBC _cFOLL _d-101605 _eTS2 _fc.2 _gI.c/e _i7975 _si |
||
| 949 |
_aFolleto 14469 (1993) _bBC _cFOLL _d-123160 _eTS1 _i7975 _si _t28.47 |
||
| 999 |
_c7773 _d7773 |
||